000 00773nam a22002177a 4500
003 UA-OsUOA
001 109063
007 ta
008 20141125b un ||||| |||| 00| 0 ukr d
100 _aВолоденков С.В.
090 _a004
_bВ68
942 _cSA
040 _aUA-OsUOA
_brus
_cUA-OsUOA
_dUA-OsUOA
245 _aОсобенности интернет-коммуникации в современном политическом процессе
300 _aС.12-21
955 _a0
041 _arus
080 _a004
773 0 _w109061
_tВестник Московского университета. Серия 12. Политические науки
_dМ.
_d2014
_g2
650 7 _a00 Загальні питання науки і культури
_2UDC
999 _c395827
_d395827